000 00810nam a22002657a 4500
001 73987
003 BD-RjUL
005 20211209082453.0
008 171206b xxu||||| |||| 00| 0 eng d
020 _a9780198081746
_c1095.00
020 _a019808174X
035 _a(BD-RjUL)74205
040 _aBD-RjUL
_beng
_cBD-RjUL
_dBD-RjUL
041 _aeng
082 _a327.54
_bIND 2013
245 _aIndia's foreign policy : a reader /
_cKanti P Bajpai; Harsh V Pant editor
300 _aX ,452 p.
_c26 cm.
490 _aCritical issues in Indian politics
504 _aIncludes bibliographical Index
651 _aIndia
_v Foreign relations
_y1984-
_9219639
651 _aIndia
_vDiplomatic relations.
_9219640
700 _aBajpai , P. Kanti
_9219641
700 _aPant ,V. Harsh
_9219642
942 _2ddc
_cBK
999 _c73987
_d73987